| 000 | 00999cam a22003017a 4500 | ||
|---|---|---|---|
| 003 | CHAP | ||
| 005 | 20220329133853.0 | ||
| 008 | 971013s1966 r 00010 d | ||
| 010 | _a12066 | ||
| 011 | _a13038 | ||
| 035 | _a17109 | ||
| 040 | _cCHAP | ||
| 082 |
_a333.09861 _bC3 |
||
| 100 | 0 | 0 |
_aCarrera Andrade, Hernán. _919390 |
| 245 | 0 |
_aElaboración y presentación de proyectos de reasentamientos campesinos _b: una metodología |
|
| 260 |
_aBogotá : _bIICA, _c1966 |
||
| 300 | _a218 p. | ||
| 590 |
_aBATCH-UPD _b10 _c20130110 _lUCH01 _h1935 |
||
| 590 |
_aBATCH-UPD _b10 _c20130410 _lUCH01 _h1259 |
||
| 590 |
_aBATCH-UPD _b10 _c20130914 _lUCH01 _h1010 |
||
| 590 |
_aCONVERSION _b10 _c20130109 _lUCH01 _h1308 |
||
| 650 | 1 | 4 |
_aColonización agrícola. _925386 |
| 650 | 1 | 4 |
_aReforma agraria _xColombia. _995535 |
| 710 | 0 |
_aCentro Interamericano de Reforma Agraria. Colombia. _921184 |
|
| 901 | _aBK | ||
| 942 | _cLIBRO | ||
| 949 |
_a333.09861 C3 _bBC _cLIBRO _d33724000329470 _eLIBRO _h3806 _i17109 _mD _si |
||
| 999 |
_c12066 _d12066 |
||